Educación y sociedad: introducción a la sociología de la educación

Salvato in:
Dettagli Bibliografici
Autore principale: Ottaway, Andrew Kenneth Cosway (autor)
Natura: Libro
Lingua:spagnolo
Pubblicazione: Buenos Aires, Argentina Kapelusz 1965
Serie:Biblioteca de Cultura Pedagógica. 88
Soggetti:
Tags: Aggiungi Tag
Nessun Tag, puoi essere il primo ad aggiungerne!!

MARC

LEADER 00000nam a2200000 a 4500
001 UCT4973
003 CL-VaPUC
005 20221222094623.0
008 961129e19650000AG |||||||||||||||||spa|d
999 |c 254049  |d 254047 
040 |c Pontificia Universidad Católica de Valparaíso 
082 0 4 |a 370.19 OTT 1965  |2 21 
100 |a Ottaway, Andrew Kenneth Cosway  |e autor  |9 374253 
245 1 0 |a Educación y sociedad: introducción a la sociología de la educación 
260 0 3 |a Buenos Aires, Argentina  |b Kapelusz  |c 1965 
300 |a 231 páginas 
490 0 |a Biblioteca de Cultura Pedagógica.  |v 88 
583 |a last modification  |c 19961129 00:00:00  |k Rodrigo Vera 
650 0 |a Sociología de la educación   |9 260380 
650 0 |a Educación  |9 258661 
650 7 |a BIENESTAR EDUCACIONAL  |2 CL-VaPUC  |9 351449 
650 7 |a EDUCACION Y EMPLEO  |2 CL-VaPUC  |9 338744 
650 0 |a Sociología   |9 255410 
942 |c BK  |2 ddc 
945 |d 19961129 00:00:00  |a cmena 
952 |0 0  |1 0  |2 ddc  |4 0  |6 370_190000000000000_OTT_1965  |7 0  |8 A  |9 275398  |a BIBCUR  |b BIBCUR  |d 2019-11-19  |i 1793020  |o 370.19 OTT 1965  |p 1793020  |r 2025-04-22  |t 1  |w 2019-11-19  |y BK  |k BIO